Economics : principles, problems, and policies (Record no. 34)

MARC details
000 -LEADER
fixed length control field 01110nam a22001937a 4500
008 - FIXED-LENGTH DATA ELEMENTS--GENERAL INFORMATION
fixed length control field 110823t xxu||||| |||| 00| 0 eng d
020 ## - INTERNATIONAL STANDARD BOOK NUMBER
International Standard Book Number 9780071112123 10 007111212x
050 ## - LIBRARY OF CONGRESS CALL NUMBER
Classification number HB171.5 .M47
100 ## - MAIN ENTRY--PERSONAL NAME
Personal name McConnell, Campbell R.
245 ## - TITLE STATEMENT
Title Economics : principles, problems, and policies
250 ## - EDITION STATEMENT
Edition statement 16th ed.
260 ## - PUBLICATION, DISTRIBUTION, ETC.
Place of publication, distribution, etc. Boston
Name of publisher, distributor, etc. McGraw-Hill/Irwin
Date of publication, distribution, etc. c2005.
300 ## - PHYSICAL DESCRIPTION
Extent xxx, 733, G-G26, I1-24 p.
Other physical details col. ill.
Dimensions 27 cm
500 ## - GENERAL NOTE
General note Includes bibliographical references and index.
505 ## - FORMATTED CONTENTS NOTE
Formatted contents note Contents: Part 1. An Introduction to economics and the economy -- Part 2. Macroeconomics measurement and basic concepts -- Part 3. Macroeconomic models and fiscal policy -- Part 4. Money, banking, and monetary policy -- Part 5. Long-run perspectives and macroeconomic debates -- Part 6. Microeconomics of product markets -- Part 7. Microeconomics of resource markets -- Part 8. Microeconomics of government -- Part 9. Microeconomic issues and policies -- Part 10. International economics and the world economy
650 ## - SUBJECT ADDED ENTRY--TOPICAL TERM
Topical term or geographic name entry element Economics
700 ## - ADDED ENTRY--PERSONAL NAME
Personal name Brue, Stanley L.
Fuller form of name Stanley L. Brue.
942 ## - ADDED ENTRY ELEMENTS (KOHA)
Source of classification or shelving scheme Library of Congress Classification
Koha item type Books
Holdings
Withdrawn status Lost status Source of classification or shelving scheme Damaged status Not for loan Home library Current library Shelving location Date acquired Total Checkouts Full call number Barcode Date last seen Copy number Price effective from Koha item type
    Library of Congress Classification     WISCONSIN INTERNATIONAL UNIVERSITY COLLEGE, GHANA - MAIN LIBRARY WISCONSIN INTERNATIONAL UNIVERSITY COLLEGE, GHANA - MAIN LIBRARY General Stacks 23/08/2011   HB171.5 .M47 076/11 23/08/2011 1 23/08/2011 Books
    Library of Congress Classification     WISCONSIN INTERNATIONAL UNIVERSITY COLLEGE, GHANA - MAIN LIBRARY WISCONSIN INTERNATIONAL UNIVERSITY COLLEGE, GHANA - MAIN LIBRARY General Stacks 23/08/2011   HB171.5 .M471 077/11 23/08/2011 2 23/08/2011 Books
    Library of Congress Classification     WISCONSIN INTERNATIONAL UNIVERSITY COLLEGE, GHANA - MAIN LIBRARY WISCONSIN INTERNATIONAL UNIVERSITY COLLEGE, GHANA - MAIN LIBRARY General Stacks 23/08/2011   HB171.5 .M472 078/11 23/08/2011 3 23/08/2011 Books

If you have any concerns or questions; kindly contact the library


© Powered by WIUC ICT DIRECTORATE